Normal view
MARC view
- Electrical(Electronics) Engineering-Project Report
Entry Topical Term
001 - CONTROL NUMBER
- control field: 92884
003 - CONTROL NUMBER IDENTIFIER
- control field: NUST
005 - DATE AND TIME OF LATEST TRANSACTION
- control field: 20220704200358.0
008 - FIXED-LENGTH DATA ELEMENTS
- fixed length control field: 220704|| aca||aabn | a|a d
040 ## - CATALOGING SOURCE
- Original cataloging agency: NUST
- Transcribing agency: NUST
150 ## - HEADING--TOPICAL TERM
- Topical term or geographic name entry element: Electrical(Electronics) Engineering-Project Report
670 ## - SOURCE DATA FOUND
- Source citation: Work cat.: (NUST)536276: Amjad, Maria Noor ; Awan, Ramisha Qasim ; Hassan, Tehreem 31336, SOOTHE (A Smart Baby Crib) /, 2018.
